La casa inundada y otros cuentos

Сохранить в:
Библиографические подробности
Главный автор: Hernández, Felisberto (Автор)
Формат:
Язык:испанский
Опубликовано: Barcelona Lumen 1975
Серии:Palabra Menor
Предметы:
Метки: Добавить метку
Нет меток, Требуется 1-ая метка записи!

MARC

LEADER 00000nam a2200000 a 4500
001 UCQ2043
003 CL-VaPUC
008 980721e19750000SP |||||||||||||||||spa|d
082 0 4 |a Ur863  |b HER  |2 21 
100 |a Hernández, Felisberto  |e author  |9 586944 
245 1 3 |a La casa inundada y otros cuentos 
300 |a 144 p 
942 |c BK 
945 |d 19980721 00:00:00  |a lriquelm 
260 |a Barcelona  |b Lumen  |c 1975 
500 |a Contiene: Nadie encendía las lámparas. El balcón. El cocodrilo. El acomodador. Lucrecia. Menos Julia 
650 0 |a Novelas uruguayas  |9 317140 
650 0 |a Literatura uruguaya  |9 342815 
583 |a last modification  |c 19980721 00:00:00  |k Rodrigo Vera 
490 0 |a Palabra Menor 
999 |c 272885  |d 272883 
952 |0 0  |1 0  |4 0  |6 UR_863_000000000000000_HER_1975  |7 0  |8 A  |9 308093  |a BIBEDU  |b BIBEDU  |d 2019-11-20  |i 1440578  |o Ur863 HER 1975  |p 1440578  |r 2019-11-20  |w 2019-11-20  |y BK  |k LIT